| 000 | 01464nam0a22002771 4500 | ||
|---|---|---|---|
| 001 | rc\4081254 | ||
| 005 | 20260408082819.0 | ||
| 021 |
_aRU _b[53-44733] |
||
| 035 | _a(NLR Aleph) 008126063 | ||
| 090 |
_a9393962 _c9393962 |
||
| 100 | _a20130415d1953 |||y0rusy50 ca | ||
| 101 | 0 | _arus | |
| 102 | _aRU | ||
| 105 | _ay z ||||| | ||
| 200 | 1 |
_aМетодика проведения производственных опытов по кормлению и содержанию овец в колхозах и совхозах центральных и северных областей СССР _fГл. упр. с.-х. пропаганды и науч.-исслед. учреждений М-ва сельского хозяйства и заготовок СССР |
|
| 210 |
_aМосква _cИзд-во М-ва сельского хозяйства и заготовок СССР _d1953 |
||
| 215 |
_a24 с. _d20 |
||
| 300 | _aСост. указан на 9-й с.: канд. с.-х. наук А.В. Модянов | ||
| 606 |
_aОвцеводство _xОпыты массовые _2psbo |
||
| 700 | 1 |
_aМодянов _bА.В. _gАлексей Владимирович _4220 |
|
| 712 | 0 | 1 |
_aСССР _bГлавное управление сельскохозяйственной пропаганды и науки _3RU\NLR\AUTH\8810153422 _9801990 |
| 801 | 0 |
_aRU _bNLR _gpsbo |
|
| 801 | 1 |
_aRU _bELAR _2rusmarc |
|
| 852 |
_aNLR _jС90 Г-4/2194 |
||
| 942 | _cBOOK | ||
| 980 | _aNB | ||